000 00703nam a22002417a 4500
003 UA-OsUOA
001 133334
007 ta
008 20181017b un ||||| |||| 00| 0 ukr d
100 _aВільчинський Ю. М.
090 _a81:1
_bВ55
942 _cBK
040 _aUA-OsUOA
_bukr
_cUA-OsUOA
_dUA-OsUOA
245 _aОлександр Потебня як філософ
_bмонографія
300 _a128 с.
955 _a1
041 _aukr
080 _a81:1
020 _a5-8238-0380-Х
260 _aЛьвів
_bЛДУ
_c1995
650 7 _a8 Мовознавство. Художня література. Літературознавство
_2UDC
999 _c421780
_d421780